000 00652cam a22002293a 4500
001 30202
003 PGUSA
005 20140828083643.0
008 091006s2009||||xxu|||||s|||||000 | eng d
040 _aPGUSA
_beng
042 _adc
050 4 _aBL
100 1 _aFoote, G. W.
_q(George William),
_d1850-1915
245 1 0 _aFlowers of Freethought :
_b(First Series)
_h[electronic resource] /
_cG. W. Foote
260 _bProject Gutenberg,
_c2009
506 _aPublic domain in the USA.
516 _aElectronic text
653 _aFree thought
830 0 _aProject Gutenberg
_v30202
856 4 0 _uhttp://www.gutenberg.org/ebooks/30202
942 _cEB
999 _c259457
_d259457